[Event "Witney op-B"]
[Site "Witney"]
[Date "2015.10.17"]
[Round "2"]
[White "Stevens, Gareth"]
[Black "Cole, James"]
[Result "1-0"]
[WhiteElo "146"]
[BlackElo "1775"]
[PlyCount "79"]
[EventDate "2015.10.17"]
[EventType "swiss"]
[EventRounds "5"]
[EventCountry "ENG"]
[SourceTitle "CBM 169 Extra"]
[Source "ChessBase"]
[SourceDate "2015.12.18"]
[SourceVersion "1"]
[SourceVersionDate "2015.12.18"]
[SourceQuality "1"]

1. d4 Nf6 2. Nf3 g6 3. g3 Bg7 4. Bg2 0-0 5. Nbd2 d6 6. 0-0 Nbd7 7. c4 e5 8. d5 a5 9. e4 Nc5 10. Qc2 h6 11. Ne1 Nfd7 12. Nb3 a4 13. Nxc5 Nxc5 14. Be3 b6 15. Nd3 Nxd3 16. Qxd3 f5 17. Qd2 Kh7 18. f4 exf4 19. Bxf4 a3 20. bxa3 Bxa1 21. Rxa1 Rxa3 22. Bxh6 Rf7 23. Bg5 Qh8 24. Rf1 Qe5 25. Rf4 Qc3 26. Qf2 Qxc4 27. Rh4+ Kg8 28. e5 Qc5 29. Qxc5 bxc5 30. e6 Rh7 31. Rxh7 Kxh7 32. Bd8 c4 33. Bxc7 c3 34. Bxd6 Rxa2 35. Bf4 c2 36. Bf1 Ra1 37. Kf2 c1Q 38. Bxc1 Rxc1 39. Bb5 Rc5 40. e7 1-0